Mỹ học T.2 /

Gardado en:
Detalles Bibliográficos
Autor Principal: Heghen
Formato: Libro
Idioma:Vietnamese
Publicado: VHO 1999
Các nhãn: Engadir etiqueta
Sen Etiquetas, Sexa o primeiro en etiquetar este rexistro!
Thư viện lưu trữ: Mạng thư viện Đại học Đà Nẵng
LEADER 00609nam a2200265 4500
001 000027462
003 HEG-
005 20150403120000.0
008 150403s vm 000 vie
020 |c 0,0000 
040 |a notts 
100 |a Heghen 
245 |a Mỹ học T.2 /  |c Heghen ; Phan Ngọc giới thiệuvà dịch. 
260 |b VHO  |c 1999 
OWN |a LTT 
999 |a From the UDN01 
TYP |a Monograph 
TYP |a Printed language 
980 |a Mạng thư viện Đại học Đà Nẵng